Detalles MARC
| 000 -CABECERA |
| campo de control de longitud fija |
01317nam a2200253 a 4500 |
| 001 - NÚMERO DE CONTROL |
| campo de control |
000045180 |
| 005 - FECHA Y HORA DE LA ÚLTIMA TRANSACCIÓN |
| campo de control |
20240315194915.0 |
| 008 - DATOS DE LONGITUD FIJA--INFORMACIÓN GENERAL |
| campo de control de longitud fija |
150206s1993 dr ab 000 0 spa d |
| 040 ## - FUENTE DE LA CATALOGACIÓN |
| Centro catalogador/agencia de origen |
DO-SdBNP |
| Lengua de catalogación |
spa |
| Centro/agencia transcriptor |
BNPHU |
| 082 ## - NÚMERO DE LA CLASIFICACIÓN DECIMAL DEWEY |
| Número de clasificación |
333.7932 |
| Número de documento/Ítem |
M766e |
| 100 1# - ENTRADA PRINCIPAL--NOMBRE DE PERSONA |
| Nombre de persona |
Montás, Juan Temístocles |
| Fechas asociadas al nombre |
1950- |
| 9 (RLIN) |
79676 |
| 245 10 - MENCIÓN DE TÍTULO |
| Título |
Energía, política y economía en la República Dominicana : |
| Resto del título |
los problemas de la década de los ochenta / |
| Mención de responsabilidad, etc. |
Juan Temístocles Montás. |
| 260 ## - PUBLICACIÓN, DISTRIBUCIÓN, ETC. |
| Lugar de publicación, distribución, etc. |
Santo Domingo : |
| Nombre del editor, distribuidor, etc. |
Alfa y Omega, |
| Fecha de publicación, distribución, etc. |
1993. |
| 300 ## - DESCRIPCIÓN FÍSICA |
| Extensión |
viii, 252 p. : |
| Otras características físicas |
il., gráfico ; |
| Dimensiones |
21 cm. |
| 500 ## - NOTA GENERAL |
| Nota general |
Incluye datos biográficos del autor en las solapas |
| 500 ## - NOTA GENERAL |
| Nota general |
Incluye referencias bibliográficas y notas al pie de las páginas. |
| 505 0# - NOTA DE CONTENIDO CON FORMATO |
| Nota de contenido con formato |
Introducción -- |
| Título |
Energía y desarrollo -- |
| -- |
Energía, política y económica: El caso dominicano -- |
| -- |
Alternativas energéticas -- |
| -- |
El subsector eléctrico -- |
| -- |
El subsector hidrocarburos -- |
| -- |
Leña y Carbón vegetal -- |
| -- |
A modo de epílogo. |
| 590 ## - NOTA LOCAL (RLIN) |
| Nota local |
Inventariado, 2018/LP |
| 650 #4 - PUNTO DE ACCESO ADICIONAL DE MATERIA--TÉRMINO DE MATERIA |
| Término de materia o nombre geográfico como elemento de entrada |
Recursos enérgicos |
| Subdivisión geográfica |
República Dominicana |
| 9 (RLIN) |
73196 |
| 650 #4 - PUNTO DE ACCESO ADICIONAL DE MATERIA--TÉRMINO DE MATERIA |
| Término de materia o nombre geográfico como elemento de entrada |
Producción de energía eléctrica |
| Subdivisión geográfica |
República Dominicana |
| 9 (RLIN) |
73197 |
| 650 #4 - PUNTO DE ACCESO ADICIONAL DE MATERIA--TÉRMINO DE MATERIA |
| Término de materia o nombre geográfico como elemento de entrada |
Hidrocarburos |
| Subdivisión geográfica |
República Dominicana |
| 9 (RLIN) |
73198 |
| 651 #4 - PUNTO DE ACCESO ADICIONAL DE MATERIA--NOMBRE GEOGRÁFICO |
| Nombre geográfico |
República Dominicana |
| Subdivisión general |
Política De Económica |
| 9 (RLIN) |
73199 |
| 910 ## - DATOS DE OPCIÓN DEL USUARIO (OCLC) |
| Datos de opción del usuario |
Validado.Control de calidad MFF |